[Event "34. Kieler Open 2022"]
[Site "Kiel"]
[Date "2022.08.02"]
[Round "6.35"]
[White "Giede, Anna-Blume"]
[Black "Kort, Felix"]
[Result "0-1"]
[WhiteElo "1597"]
[BlackElo "1858"]
[PlyCount "90"]
[EventDate "2022.??.??"]

1. c4 e5 2. Nc3 Nf6 3. g3 c6 4. d4 e4 5. d5 Bb4 6. Bd2 cxd5 7. cxd5 O-O 8. a3
Bc5 9. e3 d6 10. Bg2 Re8 11. Nge2 a6 12. Rc1 Bg4 13. h3 Bxe2 14. Qxe2 Nbd7 15.
g4 h6 16. h4 g5 17. hxg5 hxg5 18. Rd1 Ba7 19. Bc1 Nb6 20. Qc2 {(=)} Rc8 21. Qb1
Qe7 22. Ke2 Qe5 23. Rh3 Kg7 24. Rdh1 Rxc3 25. bxc3 Nbxd5 26. Bd2 Nxc3+ 27. Bxc3
Qxc3 28. Qxb7 Qd3+ 29. Ke1 Rb8 30. Rh7+ Nxh7 31. Rxh7+ Kxh7 32. Qxf7+ Kh8 33.
Qf6+ Kg8 34. Qe6+ Kf8 35. Qf6+ Ke8 36. Qe6+ Kd8 37. Qf6+ Kd7 38. Qf5+ Kc7 39.
Qh7+ Kd8 40. Qg8+ Kc7 41. Qh7+ Kb6 42. Qf5 Qb1+ 43. Kd2 Qb2+ 44. Kd1 Qe5 45.
Qd7 Rb7 0-1

[Event "34. Kieler Open 2022"]
[Site "Kiel"]
[Date "2022.08.02"]
[Round "6.36"]
[White "Dittmann, Hans-Adolf"]
[Black "Dawidzinski, Jan"]
[Result "1-0"]
[WhiteElo "2063"]
[BlackElo "1539"]
[PlyCount "67"]
[EventDate "2022.??.??"]

1. e4 e6 2. Qe2 Be7 3. Nf3 Nc6 4. g3 b6 5. Bg2 Bb7 6. O-O Nf6 7. e5 Ng4 8. h3
Nh6 9. c3 f6 10. d4 Nf7 11. exf6 Bxf6 12. d5 Nce5 13. dxe6 Nxf3+ 14. Bxf3 Nd6
15. Bxb7 Nxb7 16. Qh5+ g6 17. exd7+ Qxd7 18. Qf3 O-O-O 19. Qxf6 Qxh3 20. Qh4
Qf5 21. Be3 Qc2 22. Na3 Qxb2 23. Nc4 Qxc3 24. Rfc1 Qg7 25. Bg5 Rdf8 26. Bh6 Qf7
27. Bxf8 Rxf8 28. Rc2 Nc5 29. Re1 Qd5 30. Qg4+ Kb8 31. Rd2 Qf7 32. Ne5 Qf6 33.
Nd7+ Nxd7 34. Qxd7 1-0

[Event "34. Kieler Open 2022"]
[Site "Kiel"]
[Date "2022.08.02"]
[Round "6.37"]
[White "Walther, Joachim"]
[Black "Weihrauch, Sebastian"]
[Result "1-0"]
[WhiteElo "1910"]
[BlackElo "1643"]
[PlyCount "43"]
[EventDate "2022.??.??"]

1. d4 Nf6 2. c4 g6 3. Nc3 Bg7 4. e4 d6 5. f3 O-O 6. Be3 c5 7. Nge2 cxd4 8. Nxd4
Nc6 9. Nc2 Qa5 10. a3 Nd7 11. Qd2 Qd8 12. Bh6 Nc5 13. Bxg7 Kxg7 14. Nd5 Kg8 15.
Qc3 Na4 16. Qd2 Nc5 17. Rd1 a5 18. h4 h5 19. Qh6 Ne5 20. Be2 Nxe4 21. fxe4 a4
22. O-O 1-0

[Event "34. Kieler Open 2022"]
[Site "Kiel"]
[Date "2022.08.02"]
[Round "6.38"]
[White "Christensen, Andreas"]
[Black "Malinowsky, Lars"]
[Result "0-1"]
[WhiteElo "1901"]
[BlackElo "1525"]
[PlyCount "112"]
[EventDate "2022.??.??"]

1. d4 d5 2. c4 Nf6 3. Nc3 e6 4. Bg5 c6 5. cxd5 exd5 6. Qc2 h6 7. Bh4 Be7 8. e3
Nbd7 9. Bd3 c5 10. Bxf6 Nxf6 11. Bb5+ Bd7 12. Bxd7+ Qxd7 13. dxc5 Bxc5 14. Nf3
Rc8 15. Qd3 O-O 16. O-O Rfd8 17. Nb5 a6 18. Nbd4 Qg4 19. Qf5 Bxd4 20. Qxg4 Nxg4
21. Nxd4 Ne5 22. Rfd1 Nc6 23. Nb3 b6 24. Rac1 Ne7 25. Kf1 f6 26. Ke2 Kf7 27.
Rd2 Rxc1 28. Nxc1 Ke6 29. a3 Rc8 30. Nb3 Nc6 31. f4 a5 32. a4 g5 33. g4 Rh8 34.
Rc2 Kd6 35. Rd2 gxf4 36. exf4 Re8+ 37. Kf3 Re4 38. h4 Rxa4 39. g5 fxg5 40. fxg5
hxg5 41. hxg5 Ne5+ 42. Ke2 Rg4 43. Kd1 Rxg5 44. Nd4 Nc4 45. Re2 Re5 46. Rh2 Kc5
47. Nb3+ Kb4 48. Nd4 Re4 49. Nc2+ Kc5 50. Kc1 b5 51. b3 Ne3 52. Ne1 a4 53. bxa4
Rxa4 54. Nd3+ Kd4 55. Rd2 Kc3 56. Nb2 Ra1# 0-1

[Event "34. Kieler Open 2022"]
[Site "Kiel"]
[Date "2022.08.02"]
[Round "6.39"]
[White "Burbach, Bruno"]
[Black "Serreck, Uwe"]
[Result "0-1"]
[WhiteElo "1417"]
[BlackElo "1847"]
[PlyCount "134"]
[EventDate "2022.??.??"]

1. b3 Nf6 2. Bb2 g6 3. e3 Bg7 4. Nf3 O-O 5. d4 d6 6. c4 Nbd7 7. Nc3 c6 8. Be2
e5 9. dxe5 dxe5 10. O-O Qe7 11. Qc2 Nc5 12. e4 Nh5 13. Ba3 Nf4 14. Na4 b6 15.
Nxc5 bxc5 16. Rad1 Bg4 17. h3 Bxf3 18. Bxf3 Ne6 19. Rd3 Nd4 20. Qc3 a5 21. Bc1
a4 22. bxa4 Rxa4 23. a3 Qe6 24. Qa1 Qxc4 25. Rc3 Qb5 26. Bd1 Raa8 27. a4 Qb6
28. Re1 Rfb8 29. Ba3 Bf8 30. Qc1 Qa5 31. Kf1 Qa6+ 32. Kg1 Qa5 33. Kf1 Qa6+ 34.
Kg1 Rb4 35. Bxb4 cxb4 36. Rc4 Rc8 37. Re3 c5 38. Re1 Bh6 39. Re3 Bxe3 40. fxe3
Ne6 41. Bg4 Qxa4 42. Bxe6 fxe6 43. Rxc5 Rxc5 44. Qxc5 Qa1+ 45. Kh2 Qc3 46. Qb6
b3 47. Qxe6+ Kf8 48. Qf6+ Ke8 49. Qh8+ Kd7 50. Qxh7+ Kc6 51. Qxg6+ Kc5 52. Qf7
Kb4 53. Qb7+ Ka3 54. Qa7+ Kb2 55. h4 Kc1 56. Qa3+ Kd2 57. Qd6+ Ke1 58. Qa3 Kd2
59. Qd6+ Kc2 60. h5 b2 61. h6 b1=Q 62. h7 Qxe3 63. Qc6+ Kd2 64. Qd5+ Ke2 65.
Qc4+ Kf2 66. Qf7+ Qf4+ 67. Qxf4+ exf4 0-1

[Event "34. Kieler Open 2022"]
[Site "Kiel"]
[Date "2022.08.02"]
[Round "6.40"]
[White "Klaeke, Gregor"]
[Black "Guetschow, Christian"]
[Result "0-1"]
[WhiteElo "1534"]
[BlackElo "1791"]
[PlyCount "62"]
[EventDate "2022.??.??"]

1. e4 e6 2. f4 d5 3. e5 c5 4. Nf3 Nh6 5. Bb5+ Bd7 6. Bxd7+ Qxd7 7. Nc3 Nc6 8.
d3 Be7 9. O-O O-O 10. Ne2 f6 11. c3 d4 12. Ng3 dxc3 13. bxc3 Rad8 14. Qb3 Na5
15. Qa3 b6 16. exf6 Bxf6 17. Ne4 Qxd3 18. Nxf6+ gxf6 19. Qb2 Nc4 20. Qb3 Kg7
21. Bb2 Qe3+ 22. Kh1 Nxb2 23. Qxb2 Qd3 24. Rfe1 Qc4 25. Nd2 Qd5 26. Rad1 Kf7
27. Qc2 Qd3 28. Qc1 Ng4 29. Nb3 Qxd1 30. Rxd1 Rxd1+ 31. Qxd1 Nf2+ 0-1

[Event "34. Kieler Open 2022"]
[Site "Kiel"]
[Date "2022.08.03"]
[Round "7.1"]
[White "Legky, Nikolay A"]
[Black "Ruhland, Cliff"]
[Result "1-0"]
[WhiteElo "2374"]
[BlackElo "1997"]
[PlyCount "55"]
[EventDate "2022.07.??"]
[EventType "swiss"]
[EventRounds "9"]
[EventCountry "GER"]

1. d4 d5 2. c4 c6 3. Nf3 Nf6 4. Nbd2 Bf5 5. Nh4 Be6 6. e3 g6 7. Be2 Bg7 8. O-O
O-O 9. Nhf3 Re8 10. b3 Na6 11. Bb2 Bf5 12. a3 Nc7 13. b4 Nd7 14. cxd5 cxd5 15.
h3 b5 16. a4 Nb6 17. axb5 Bd7 18. Ra5 f6 19. Qb3 Qb8 20. Ne4 Rc8 21. Nc5 Be8
22. Rfa1 Kh8 23. Qa2 Nc4 24. Bxc4 dxc4 25. Rxa7 Qxb5 26. Bc3 f5 27. Nd2 Bf7 28.
Rxc7 1-0

[Event "34. Kieler Open 2022"]
[Site "Kiel"]
[Date "2022.08.03"]
[Round "7.2"]
[White "Doll, Alexander"]
[Black "Arndt, Magnus"]
[Result "1/2-1/2"]
[WhiteElo "2180"]
[BlackElo "2359"]
[PlyCount "48"]
[EventDate "2022.07.??"]
[EventType "swiss"]
[EventRounds "9"]
[EventCountry "GER"]

1. e4 e5 2. Nf3 Nc6 3. Bb5 a6 4. Ba4 Nf6 5. O-O Be7 6. Re1 b5 7. Bb3 O-O 8. c3
d5 9. d4 dxe4 10. Nxe5 Nxe5 11. dxe5 Qxd1 12. Bxd1 Nd7 13. Bc2 Nc5 14. Bxe4
Nxe4 15. Rxe4 Be6 16. Nd2 Rfd8 17. Re1 b4 18. Ne4 bxc3 19. bxc3 Rab8 20. h3 Rd3
21. a4 Rb3 22. Be3 Bd5 23. Bc5 Bxe4 24. Bxe7 Bd5 1/2-1/2

[Event "34. Kieler Open 2022"]
[Site "Kiel"]
[Date "2022.08.03"]
[Round "7.3"]
[White "Petrashov, Alexander"]
[Black "Rudolph, Johannes"]
[Result "1/2-1/2"]
[WhiteElo "2029"]
[BlackElo "2363"]
[PlyCount "96"]
[EventDate "2022.07.??"]
[EventType "swiss"]
[EventRounds "9"]
[EventCountry "GER"]

1. d4 Nf6 2. Nf3 d5 3. Bf4 c5 4. c3 Nc6 5. dxc5 e6 6. Na3 Bxc5 7. Nb5 O-O 8. e3
a6 9. Nbd4 Re8 10. Bd3 Bd6 11. Nxc6 bxc6 12. Bg5 e5 13. e4 h6 14. Bxf6 Qxf6 15.
Qc2 Bg4 16. Nd2 Bc5 17. f3 Be6 18. Nb3 Bb6 19. c4 Qh4+ 20. g3 Qf6 21. Nd2 Be3
22. Ke2 Bxd2 23. Qxd2 dxc4 24. Bc2 Red8 25. Qe3 Rd4 26. Rhd1 c5 27. Kf2 Qd8 28.
Qc3 Qb6 29. Rab1 Rad8 30. Ke2 Rxd1 31. Rxd1 Rxd1 32. Bxd1 Qd6 33. Ba4 Qd4 34.
g4 h5 35. h3 h4 36. Kf1 g6 37. Bc2 Kg7 38. a3 Kf6 39. Ba4 Bc8 40. Bc6 Be6 41.
Ba4 Ke7 42. Ke2 f5 43. Bc6 Kf6 44. Bb7 a5 45. Bc6 Qxc3 46. bxc3 Kg5 47. exf5
gxf5 48. Ke3 Kf6 1/2-1/2

[Event "34. Kieler Open 2022"]
[Site "Kiel"]
[Date "2022.08.03"]
[Round "7.5"]
[White "Herrmann, Arthur"]
[Black "Boehme, Sebastian"]
[Result "0-1"]
[WhiteElo "1563"]
[BlackElo "2168"]
[PlyCount "64"]
[EventDate "2022.07.??"]
[EventType "swiss"]
[EventRounds "9"]
[EventCountry "GER"]

1. e4 c6 2. d4 d5 3. Nc3 dxe4 4. Nxe4 Bf5 5. Ng3 Bg6 6. h4 h6 7. Nf3 Nd7 8. h5
Bh7 9. Bd3 Bxd3 10. Qxd3 e6 11. Bf4 Qa5+ 12. Bd2 Bb4 13. c3 Be7 14. c4 Qb6 15.
Bc3 Ngf6 16. O-O-O O-O 17. Kb1 Rfd8 18. Ne4 c5 19. d5 Nxe4 20. Qxe4 Bf6 21. Qe3
Bxc3 22. Qxc3 Nf6 23. dxe6 Qxe6 24. Rde1 Qf5+ 25. Qc2 Qg4 26. Ne5 Qxg2 27. Nxf7
Kxf7 28. Rhg1 Re8 29. Qf5 Rxe1+ 30. Rxe1 Re8 31. Rxe8 Qf1+ 32. Kc2 Qxc4+ 0-1

[Event "34. Kieler Open 2022"]
[Site "Kiel"]
[Date "2022.08.03"]
[Round "7.6"]
[White "Rieper, Julian"]
[Black "Farokhi, Keyvan"]
[Result "0-1"]
[WhiteElo "2132"]
[BlackElo "2332"]
[PlyCount "100"]
[EventDate "2022.07.??"]
[EventType "swiss"]
[EventRounds "9"]
[EventCountry "GER"]

1. e4 c6 2. d4 d5 3. e5 c5 4. dxc5 e6 5. Be3 Nd7 6. Bb5 Ne7 7. Nf3 Nf5 8. Qd2
Nxe3 9. Qxe3 Qa5+ 10. Nc3 a6 11. Bxd7+ Bxd7 12. Qg5 Qxc5 13. O-O h6 14. Qd2 Rc8
15. a3 Qb6 16. Rab1 Qc7 17. Nd4 b5 18. Qe3 b4 19. axb4 Bxb4 20. Nce2 O-O 21. f4
Bc5 22. c3 Bb5 23. Rbd1 Qb6 24. Rf3 Bxe2 25. Qxe2 Bxd4+ 26. Rxd4 Rc4 27. Rfd3
Rb8 28. Rd2 a5 29. Qf2 Rxd4 30. Qxd4 Qxd4+ 31. cxd4 {(=)} h5 32. g3 Kh7 33. Kf2
Kg6 34. Rc2 Kf5 35. Rc7 Rxb2+ 36. Kf3 Rb3+ 37. Kg2 Kg6 38. Ra7 Ra3 39. Kf2 Ra1
40. Kf3 a4 41. h3 a3 42. Kg2 a2 43. Kh2 f6 44. g4 hxg4 45. hxg4 fxe5 46. dxe5
d4 47. f5+ exf5 48. Ra6+ Kg5 49. e6 Kxg4 50. e7 Re1 0-1

[Event "34. Kieler Open 2022"]
[Site "Kiel"]
[Date "2022.08.03"]
[Round "7.7"]
[White "Braeutigam, Alexander"]
[Black "Popvasilev, Kaloyan"]
[Result "0-1"]
[WhiteElo "1771"]
[BlackElo "2208"]
[PlyCount "76"]
[EventDate "2022.07.??"]
[EventType "swiss"]
[EventRounds "9"]
[EventCountry "GER"]

1. c4 e6 2. Nc3 b6 3. d4 Bb7 4. Nf3 Bb4 5. Bg5 Qc8 6. a3 Bxc3+ 7. bxc3 d6 8.
Qc2 Nd7 9. e3 Ngf6 10. Be2 O-O 11. O-O Ne4 12. Bh4 f5 13. Nd2 g5 14. Bg3 e5 15.
f3 Nxg3 16. hxg3 Qe8 17. Kf2 Qg6 18. Rh1 Nf6 19. Qb3 Rae8 20. Rae1 f4 21. gxf4
gxf4 22. e4 Qg3+ 23. Kf1 Bc8 24. Bd1 h5 25. Re2 h4 26. Rf2 h3 27. gxh3 Bxh3+
28. Ke1 Kf7 29. Nf1 Qh4 30. Qb2 Rg8 31. Bb3 Rg5 32. c5+ d5 33. Qa2 c6 34. Kd1
exd4 35. cxd4 Nxe4 36. Rc2 Nc3+ 37. Rxc3 Qe1+ 38. Kc2 Rg2+ 0-1

[Event "34. Kieler Open 2022"]
[Site "Kiel"]
[Date "2022.08.03"]
[Round "7.10"]
[White "Kort, Felix"]
[Black "Doll, Stefan"]
[Result "0-1"]
[WhiteElo "1858"]
[BlackElo "2134"]
[PlyCount "78"]
[EventDate "2022.07.??"]
[EventType "swiss"]
[EventRounds "9"]
[EventCountry "GER"]

1. d4 d5 2. c4 e6 3. Nc3 Nf6 4. cxd5 exd5 5. Bg5 Be7 6. e3 O-O 7. Bd3 h6 8. Bh4
Re8 9. Qc2 c5 10. Nge2 Nc6 11. O-O c4 12. Bf5 Nb4 13. Qb1 Ne4 14. Bxe4 Bxh4 15.
Bc2 a6 16. a3 Nxc2 17. Qxc2 b5 18. Nf4 Be6 19. Nxe6 Rxe6 20. Qf5 Rd6 21. Rad1
Qd7 22. Qxd7 Rxd7 23. f3 Bf6 24. Kf2 Rb8 25. Rd2 a5 26. Rfd1 b4 27. axb4 axb4
28. Na4 Bg5 29. Rc2 {(=)} Ra7 30. Nc5 Ra2 31. Re2 f5 32. Rdd2 b3 33. Rd1 Rba8
34. Nd7 Ra1 35. Rdd2 Bh4+ 36. g3 Bd8 37. e4 fxe4 38. fxe4 Bg5 39. Nb6 Rf8+ 0-1

[Event "34. Kieler Open 2022"]
[Site "Kiel"]
[Date "2022.08.03"]
[Round "7.11"]
[White "Ghadimi, Mohammed Reza"]
[Black "Sturm, Simon"]
[Result "1-0"]
[WhiteElo "2147"]
[BlackElo "1569"]
[PlyCount "73"]
[EventDate "2022.??.??"]

1. e4 g6 2. d4 Bg7 3. Nf3 d6 4. Bc4 Nf6 5. Qe2 O-O 6. O-O Nbd7 7. e5 dxe5 8.
dxe5 Ng4 9. e6 Nde5 10. Rd1 Qe8 11. exf7+ Nxf7 12. h3 Nf6 13. Nc3 Kh8 14. Re1
Nd6 15. Bb3 Qc6 16. Ba4 Qc5 17. Qxe7 Bxh3 18. Re5 Qb6 19. gxh3 Ng8 20. Nd5 Nxe7
21. Nxb6 Bxe5 22. Nxa8 Rxf3 23. Kg2 Rf5 24. Bd7 Rf7 25. Be6 Rf6 26. Bb3 Ndf5
27. Bg5 Rf8 28. Re1 Bd6 29. Nxc7 h6 30. Ne6 Rc8 31. Bf6+ Kh7 32. c3 b5 33. Nd4
a6 34. Re6 b4 35. Bxe7 bxc3 36. bxc3 Bxe7 37. Nxf5 1-0

[Event "34. Kieler Open 2022"]
[Site "Kiel"]
[Date "2022.08.03"]
[Round "7.12"]
[White "Basener, Winfried"]
[Black "Schramm, Daniel"]
[Result "1-0"]
[WhiteElo "2078"]
[BlackElo "1829"]
[PlyCount "83"]
[EventDate "2022.??.??"]

1. e4 g6 2. d4 Bg7 3. c4 Nc6 4. Be3 e5 5. Ne2 d6 6. d5 Nce7 7. Nbc3 f5 8. f3
Nf6 9. h3 a6 10. g4 O-O 11. Bg2 Kh8 12. Qb3 fxe4 13. fxe4 Nd7 14. O-O-O b5 15.
cxb5 axb5 16. Qb4 Nf6 17. Rhf1 Bd7 18. Kb1 Qb8 19. b3 Rc8 20. Nc1 Ne8 21. N3e2
c5 22. Qd2 b4 23. Rf7 Ng8 24. Rxd7 Qb5 25. Rf7 c4 26. Ra7 c3 27. Qc2 Rxa7 28.
Bxa7 Bh6 29. Rd3 Qa5 30. Be3 Nc7 31. a4 Ra8 32. Na2 Bxe3 33. Rxe3 Qa7 34. Rf3
Kg7 35. Qd3 Qa5 36. Qc4 Rb8 37. Qc6 Nb5 38. axb5 Ra8 39. Nec1 Qa3 40. Rf2 Ra5
41. Qc4 Ra7 42. Qxb4 1-0

[Event "34. Kieler Open 2022"]
[Site "Kiel"]
[Date "2022.08.03"]
[Round "7.13"]
[White "Dietrich, Leif"]
[Black "Dittrich, Gunnar"]
[Result "0-1"]
[WhiteElo "1857"]
[BlackElo "1994"]
[PlyCount "123"]
[EventDate "2022.??.??"]

1. e4 d5 2. exd5 Qxd5 3. Nc3 Qa5 4. d4 Nf6 5. Nf3 c6 6. Bc4 Bf5 7. Bd2 Qc7 8.
Ne5 e6 9. g4 Be4 10. Nxe4 Nxe4 11. Bf4 g5 12. Be3 Nd7 13. Qd3 Nec5 14. Qe2 Nxe5
15. dxe5 b5 16. Bb3 Qxe5 17. Qf3 Qe4 18. Qxe4 Nxe4 19. f3 Bc5 20. Bc1 Nf2 21.
Rf1 Nh3 22. Bd2 O-O-O 23. Ba5 Bb6 24. Bc3 Bd4 25. Ba5 Rd7 26. O-O-O Nf4 27. a4
Bb6 28. Rxd7 Kxd7 29. Rd1+ Ke7 30. Bxb6 axb6 31. axb5 cxb5 32. c3 h5 33. Rd2
hxg4 34. fxg4 Rh4 35. Bd1 Nd5 36. Bf3 Ne3 37. Bc6 b4 38. Rd7+ Kf6 39. cxb4 Nxg4
40. Rb7 Rxh2 41. b5 Ne3 42. Rxb6 Rc2+ 43. Kb1 Rxb2+ 44. Ka1 Rb4 45. Rb7 g4 46.
Be8 g3 47. Rxf7+ Ke5 48. Rg7 Kf4 49. Bc6 g2 50. Bxg2 Nxg2 51. Rxg2 Rxb5 52. Rg8
e5 53. Rf8+ Ke3 54. Ka2 e4 55. Rf7 Ke2 56. Re7 e3 57. Re6 Kd2 58. Rd6+ Ke1 59.
Re6 e2 60. Rg6 Rf5 61. Rg2 Kf1 62. Rxe2 0-1

[Event "34. Kieler Open 2022"]
[Site "Kiel"]
[Date "2022.08.03"]
[Round "7.14"]
[White "Basey, Matthew"]
[Black "Braeutigam, Katerina"]
[Result "1-0"]
[WhiteElo "1991"]
[BlackElo "1781"]
[PlyCount "41"]
[EventDate "2022.??.??"]

1. e4 c6 2. d4 d5 3. e5 Bf5 4. h4 h5 5. Bd3 Bxd3 6. Qxd3 e6 7. Bg5 Be7 8. Nf3
Nh6 9. Nc3 Nf5 10. Ne2 Nd7 11. Ng3 Bxg5 12. Nxf5 Be7 13. Nxe7 Qxe7 14. Qb3
O-O-O 15. O-O-O Kb8 16. Kb1 c5 17. c4 dxc4 18. Qxc4 Rc8 19. dxc5 Rxc5 20. Rxd7
Qxd7 21. Qxc5 1-0

[Event "34. Kieler Open 2022"]
[Site "Kiel"]
[Date "2022.08.03"]
[Round "7.15"]
[White "Ehrig, Leon Chris"]
[Black "Fuhrmann, Bahne"]
[Result "1-0"]
[WhiteElo "1832"]
[BlackElo "1973"]
[PlyCount "55"]
[EventDate "2022.??.??"]

1. e4 e5 2. Nc3 Nf6 3. g3 d5 4. exd5 Nxd5 5. Bg2 Nb6 6. d3 Nc6 7. a4 Bb4 8.
Nge2 h5 9. h3 Be6 10. Bd2 f5 11. h4 O-O 12. Ng1 e4 13. Nh3 exd3 14. O-O dxc2
15. Qxc2 Nd4 16. Qd1 Nb3 17. Ng5 Qf6 18. Nd5 Bxd5 19. Bxd5+ Nxd5 20. Qxb3 Kh8
21. Bxb4 Nxb4 22. Qxb4 f4 23. Qe4 g6 24. Rae1 Rae8 25. Qxe8 Rxe8 26. Rxe8+ Kg7
27. Ne6+ Kh7 28. Nxf4 1-0

[Event "34. Kieler Open 2022"]
[Site "Kiel"]
[Date "2022.08.03"]
[Round "7.16"]
[White "Lippmann, Kai"]
[Black "Schubert, Christian"]
[Result "0-1"]
[WhiteElo "1952"]
[BlackElo "1764"]
[PlyCount "48"]
[EventDate "2022.??.??"]

1. c4 Nf6 2. Nc3 d6 3. g3 c6 4. Bg2 Bg4 5. Qc2 Nbd7 6. b3 e6 7. Bb2 d5 8. e3
Bf5 9. d3 Bb4 10. a3 Bxc3+ 11. Bxc3 dxc4 12. bxc4 Nc5 13. e4 Qxd3 14. Qxd3
Nxd3+ 15. Ke2 Bxe4 16. f3 Bg6 17. h4 O-O-O 18. Bxf6 gxf6 19. Nh3 Nc5 20. Nf4
Rd4 21. Rac1 Rhd8 22. Rhd1 Nb3 23. Rxd4 Nxc1+ 24. Kd2 Nb3+ 0-1

[Event "34. Kieler Open 2022"]
[Site "Kiel"]
[Date "2022.08.03"]
[Round "7.17"]
[White "Riechenberg, Sebastian"]
[Black "Browning, Rebecca"]
[Result "1-0"]
[WhiteElo "1606"]
[BlackElo "1938"]
[PlyCount "121"]
[EventDate "2022.??.??"]

1. e4 e6 2. d4 d5 3. Nd2 c5 4. exd5 Qxd5 5. Ngf3 Nf6 6. Bc4 Qd8 7. O-O Be7 8.
Qe2 O-O 9. Rd1 Qc7 10. Nb3 cxd4 11. Nbxd4 a6 12. Ne5 Nc6 13. Ndxc6 bxc6 14. Bf4
Qb6 15. Qf3 Nd5 16. Bxd5 exd5 17. c4 Be6 18. Nxc6 Qxc6 19. cxd5 Qb7 20. dxe6 {
(=)} Qxf3 21. gxf3 fxe6 22. Bd6 Bxd6 23. Rxd6 Rxf3 24. Rxe6 Raf8 25. Rf1 R8f5
26. Rxa6 Rg5+ 27. Kh1 Rh5 28. Kg2 Rfh3 29. Rh1 R3h4 30. Ra3 Rb4 31. Rb1 Rbh4
32. h3 Rg5+ 33. Rg3 Ra5 34. a3 Rf4 35. b4 Raf5 36. Rb2 Rb5 37. Rgb3 Rg5+ 38.
Kh2 Rgf5 39. Kg3 h5 40. f3 h4+ 41. Kf2 Rg5 42. b5 Rf7 43. Rb4 Rg3 44. R2b3 Rxh3
45. b6 Rb7 46. Kg2 Rg3+ 47. Kh2 Rg6 48. a4 Rg5 49. Rb5 Rg3 50. a5 Rd7 51. Rb2
Rxf3 52. b7 Rxb7 53. Rxb7 Ra3 54. Rg2 Rxa5 55. Rgxg7+ Kh8 56. Rgc7 Ra2+ 57. Kh3
Ra3+ 58. Kxh4 Ra8 59. Rh7+ Kg8 60. Rbg7+ Kf8 61. Rh8+ 1-0

[Event "34. Kieler Open 2022"]
[Site "Kiel"]
[Date "2022.08.03"]
[Round "7.18"]
[White "Doll, Rebecca"]
[Black "Werner, Tom"]
[Result "1-0"]
[WhiteElo "1933"]
[BlackElo "1757"]
[PlyCount "81"]
[EventDate "2022.??.??"]

1. e4 e6 2. d4 d5 3. Nd2 Nf6 4. e5 Nfd7 5. Bd3 c5 6. c3 Nc6 7. Ne2 cxd4 8. cxd4
f6 9. exf6 Nxf6 10. O-O Bd6 11. Nf3 O-O 12. Bf4 Bxf4 13. Nxf4 Ne4 14. Qc1 Qd6
15. g3 Bd7 16. Qe3 g5 17. Ne2 Ne7 18. Bxe4 dxe4 19. Qxg5+ Ng6 20. Nh4 Qe7 21.
Qxe7 Nxe7 22. Nc3 Nf5 23. Nxf5 exf5 24. Rac1 Rac8 25. Nd5 Kf7 26. Rc3 Rxc3 27.
Nxc3 Ke6 28. f3 e3 29. Re1 f4 30. gxf4 Rxf4 31. Rxe3+ Kd6 32. Ne2 Rf7 33. Kf2
h5 34. h4 Rf5 35. f4 Rb5 36. b3 Bg4 37. Re5 Rb4 38. Nc3 a6 39. Ne4+ Kc7 40. Ke3
Rb6 41. f5 1-0

[Event "34. Kieler Open 2022"]
[Site "Kiel"]
[Date "2022.08.03"]
[Round "7.19"]
[White "Gombert, Reiner"]
[Black "Sauer, Tim"]
[Result "0-1"]
[WhiteElo "1915"]
[BlackElo "1731"]
[PlyCount "58"]
[EventDate "2022.??.??"]

1. d4 d5 2. Nf3 c6 3. c4 Nf6 4. g3 Bf5 5. Bg2 e6 6. O-O Nbd7 7. Nc3 Be7 8. Nd2
O-O 9. e4 dxe4 10. Ndxe4 Nxe4 11. Nxe4 Nf6 12. Nc3 Qb6 13. b3 Rfd8 14. Be3 Qa5
15. Ne2 Ba3 16. Bc1 e5 17. Bxa3 Qxa3 18. d5 cxd5 19. cxd5 Qa5 20. d6 Qb6 21.
Nc3 e4 22. Qd2 Rxd6 23. Qf4 Bg6 24. Nxe4 Nxe4 25. Bxe4 Rd4 26. Rfe1 f5 27. Bxb7
Rxf4 28. Bxa8 Rxf2 29. Bd5+ Kf8 0-1

[Event "34. Kieler Open 2022"]
[Site "Kiel"]
[Date "2022.08.03"]
[Round "7.20"]
[White "Horn, Peter"]
[Black "Menke, Raphael Wilhelm"]
[Result "1/2-1/2"]
[WhiteElo "2132"]
[BlackElo "1459"]
[PlyCount "53"]
[EventDate "2022.??.??"]

1. c4 e5 2. Nc3 Nc6 3. Nf3 f5 4. g3 Nf6 5. d4 e4 6. Nh4 Bb4 7. d5 Ne7 8. Bg5
O-O 9. Qb3 Bxc3+ 10. Qxc3 d6 11. Ng2 h6 12. Bxf6 Rxf6 13. e3 Ng6 14. Be2 Bd7
15. Nf4 Nxf4 16. exf4 Rf8 17. O-O-O Qf6 18. Qxf6 Rxf6 19. h4 Rff8 20. Kd2 Rab8
21. Rc1 Rfc8 22. Ke3 Kf7 23. Rhd1 Ke7 24. b4 a5 25. a3 Ra8 26. b5 b6 27. h5
1/2-1/2

[Event "34. Kieler Open 2022"]
[Site "Kiel"]
[Date "2022.08.03"]
[Round "7.21"]
[White "Serreck, Uwe"]
[Black "Hebbinghaus, Holger"]
[Result "0-1"]
[WhiteElo "1847"]
[BlackElo "2272"]
[PlyCount "62"]
[EventDate "2022.??.??"]

1. e4 c6 2. Ne2 d5 3. e5 d4 4. b4 e6 5. c3 dxc3 6. dxc3 Qxd1+ 7. Kxd1 f6 8. Nd2
fxe5 9. Ng3 Nf6 10. Bc4 Nd5 11. Nde4 a5 12. b5 Be7 13. a4 cxb5 14. Bxb5+ Nc6
15. Ba3 Bd7 16. Kc2 Rc8 17. Kb2 Bxa3+ 18. Rxa3 Ke7 19. Nc5 Rc7 20. Nge4 Nb8 21.
Nd3 Bxb5 22. axb5 Nb6 23. Nd2 e4 24. Ne5 Rc5 25. Ng4 Rd8 26. Nxe4 Rxb5+ 27. Kc2
Nc6 28. Rb1 Rxb1 29. Kxb1 Nc4 30. Rb3 b5 31. Kc2 a4 0-1

[Event "34. Kieler Open 2022"]
[Site "Kiel"]
[Date "2022.08.03"]
[Round "7.22"]
[White "Guetschow, Christian"]
[Black "Saglam, Buelent"]
[Result "0-1"]
[WhiteElo "1791"]
[BlackElo "2120"]
[PlyCount "94"]
[EventDate "2022.??.??"]

1. d4 c5 2. dxc5 e6 3. Nc3 Na6 4. Ne4 Nxc5 5. Nd6+ Bxd6 6. Qxd6 Ne4 7. Qd4 Qa5+
8. c3 Nef6 9. Bf4 Ne7 10. e4 Nc6 11. Qd3 Qa4 12. f3 d5 13. b3 dxe4 14. Qe3 Qa5
15. fxe4 Nxe4 16. b4 Qa3 17. Ne2 Nf6 18. Bd6 a5 19. Qg3 Rg8 20. b5 Qb2 21. Rd1
Qxb5 22. Nd4 Qd5 23. Nxc6 Qe4+ 24. Be2 bxc6 25. Rf1 Ba6 26. Rf2 Nd5 27. Rd4 Qe3
28. Qh4 Qxc3+ 29. Rd2 Bxe2 30. Kxe2 f6 31. Rf3 Qc1 32. Qxh7 Kd7 33. Bg3 Qc4+
34. Ke1 Qc1+ 35. Ke2 Qc4+ 36. Ke1 Ke7 37. Rb3 Qa6 38. Rdb2 e5 39. Rb7+ Ke6 40.
Rxg7 Rxg7 41. Qxg7 {(=)} Ne3 42. Rf2 Nf5 43. Qg4 Qd3 44. Rd2 Qc3 45. Kd1 Rb8
46. Be1 Rb1+ 47. Ke2 Qe3+ 0-1

[Event "34. Kieler Open 2022"]
[Site "Kiel"]
[Date "2022.08.03"]
[Round "7.23"]
[White "Peglau, Markus"]
[Black "Callsen, Niklas"]
[Result "0-1"]
[WhiteElo "1843"]
[BlackElo "2107"]
[PlyCount "74"]
[EventDate "2022.??.??"]

1. Nf3 Nf6 2. g3 g6 3. c4 Bg7 4. Bg2 O-O 5. d4 d6 6. Nc3 Nc6 7. O-O e5 8. e3
Qe7 9. Re1 a5 10. b3 e4 11. Nd2 Bg4 12. f3 exf3 13. Bxf3 h5 14. Bxg4 Nxg4 15.
Nd5 Qd7 16. Nf3 Ne7 17. e4 a4 18. Bg5 Nxd5 19. exd5 Rfe8 20. Qd3 Nh6 21. Rad1 {
(=)} Qf5 22. Qxf5 Nxf5 23. Kf2 Kf8 24. h3 Rxe1 25. Rxe1 axb3 26. axb3 Ra2+ 27.
Re2 Rxe2+ 28. Kxe2 Nxg3+ 29. Kd3 f6 30. Bd2 Nf5 31. c5 Ke7 32. b4 Bh6 33. Nh4
Nxh4 34. Bxh6 g5 35. b5 b6 36. cxb6 cxb6 37. Ke4 Kf7 0-1

[Event "34. Kieler Open 2022"]
[Site "Kiel"]
[Date "2022.08.03"]
[Round "7.24"]
[White "Schmitz, Andreas Arnold"]
[Black "Gressmann, Hanna"]
[Result "1/2-1/2"]
[WhiteElo "2070"]
[BlackElo "1856"]
[PlyCount "85"]
[EventDate "2022.??.??"]

1. e4 e5 2. Nc3 Nf6 3. Bc4 Bb4 4. Qf3 Nc6 5. Nge2 O-O 6. O-O Be7 7. Nd5 Nxd5 8.
Bxd5 d6 9. c3 Be6 10. Bxe6 fxe6 11. Qh3 Rf6 12. d4 exd4 13. cxd4 e5 14. d5 Nb8
15. f4 Nd7 16. f5 Rf7 17. g4 Bg5 18. Nc3 a5 19. Qh5 Bxc1 20. Raxc1 h6 21. h4
Nf6 22. Qg6 Nh7 23. f6 Rxf6 24. Rxf6 Qxf6 25. Qxf6 Nxf6 {(=)} 26. g5 hxg5 27.
hxg5 Nh7 28. g6 Nf6 29. Nb5 Ne8 30. Rc3 Rc8 31. a4 Kf8 32. Rb3 c6 33. Rf3+ Kg8
34. Rc3 Kf8 35. Na7 Rc7 36. dxc6 bxc6 37. Nxc6 Nf6 38. Rc4 Nxe4 39. Nxe5 Rxc4
40. Nxc4 Nc5 41. Nxd6 Nxa4 42. Nc4 Nxb2 43. Nxa5 1/2-1/2